US states by coastline - Statistics

General Stats
  • This quiz has been taken 661 times
  • The average score is 15 of 23
Answer Stats
Hint Answer % Correct
6,640 miles Alaska
99%
840 miles California
95%
1,350 miles Florida
95%
750 miles Hawaii
84%
367 miles Texas
77%
397 miles Louisiana
73%
296 miles Oregon
72%
301 miles North Carolina
71%
228 miles Maine
69%
157 miles Washington
63%
187 miles South Carolina
62%
127 miles New York
61%
192 miles Massachusetts
59%
112 miles Virginia
58%
100 miles Georgia
57%
130 miles New Jersey
57%
40 miles Rhode Island
57%
53 miles Alabama
54%
44 miles Mississippi
54%
18 miles New Hampshire
54%
96 miles Connecticut
53%
28 miles Delaware
53%
31 miles Maryland
53%
No matching quizzes found
Score Distribution
Percent of People with Each Score
Percentile by Number Answered
Your Score History
You have not taken this quiz